| 000 | 00964cab a2200289 4500 | ||
|---|---|---|---|
| 001 | ABS47864 | ||
| 008 | 090401t1993 xxu||||| |||| 00| 0 eng d | ||
| 035 | _a(Sirsi) u63750 | ||
| 041 | _aeng | ||
| 100 | _aGallery, H. | ||
| 245 | _aIntegration of offshore survey data - a new tool | ||
| 260 | _c1993 | ||
| 350 | _a0 | ||
| 490 |
_aSurveying World _v1(2) January 1993, 24-25 (2) |
||
| 520 | _aDescribes a system called Interactive Marine Pipeline Route Engineering Surveillance Service (IMPRESS), which answers the need in the field of oil and gas exploration to make optimum use of the survey vessels for surveyors and engineers. | ||
| 650 | _aCOMPUTERS | ||
| 650 | _aEXPLORATION | ||
| 650 | _aIMPRESS | ||
| 650 | _aINTERACTIVE MARINE PIPELINE ROUTE ENGINEERING SURVEILLANCE SERVICE | ||
| 650 | _aOFFSHORE | ||
| 650 | _aOIL | ||
| 650 | _aPIPELINES | ||
| 690 | _aLAND SURVEYING | ||
| 700 | _aTam, C.K.W. | ||
| 942 | _n0 | ||
| 948 | _c04/03/1997 | ||
| 999 |
_c39650 _d39650 |
||